000 00452nam a2200169Ia 4500
008 090711s9999 xx 000 0 und d
082 _b41188
100 _aफळणीकर अनिल
245 _aप्रेमिक
260 _c1976
300 _a188
600 _aफळणीकर अनिल
630 _aप्रेमिक
700 _aफळणीकर अनिल
730 _aप्रेमिक
942 _cBOOK
999 _c305459
_d305459